Για τον Σεφέρη και για την Κύπρο
Αποθηκεύτηκε σε:
| Κύριος συγγραφέας: | |
|---|---|
| Μορφή: | Βιβλίο |
| Γλώσσα: | Greek |
| Δημοσίευση: |
Αθήνα :
Επικαιρότητα,
1992
|
| Θέματα: | |
| Ετικέτες: |
Προσθήκη ετικέτας
Δεν υπάρχουν, Καταχωρήστε ετικέτα πρώτοι!
|
MARC
| LEADER | 00000nam a2200000 i 4500 | ||
|---|---|---|---|
| 001 | 1/73726 | ||
| 008 | 961126s1992 gre d | ||
| 020 | |a 960-205-283-X | ||
| 035 | |a 1996 |b 3 |c Δωρεά |l 10031594 | ||
| 040 | |a GR-MY-UA |b gre |e aacr | ||
| 041 | 0 | |a gre | |
| 082 | 0 | |a 889.1092 | |
| 100 | 1 | |a Δημητρακόπουλος, Φώτης Αρ., |d 1949- | |
| 245 | 1 | 0 | |a Για τον Σεφέρη και για την Κύπρο / |c Φ. Α. Δημητρκόπουλος |
| 260 | |a Αθήνα : |b Επικαιρότητα, |c 1992 | ||
| 300 | |a 215 σ. | ||
| 600 | 1 | 0 | |a Σεφέρης, Γιώργος, |d 1900-1971. |
| 650 | 0 | 0 | |a Poets, Greek |x Biography. |
| 852 | |a INST |b RHODES |e 19961126 |h 889.1092 ΔΗΜ |p 005400007009 |q 005400007009 |t BK |y 0 | ||
| 909 | |a Ρ |b 06022 |c 1996 | ||
| 970 | |z 2000/06/ΟΙΚΟΝΟΜΟΠΟΥΛΟΥ (SUBJECT) | ||